[Event "DEM U12 2017"]
[Site "Willingen GER"]
[Date "2017.06.07"]
[Round "7"]
[White "Haufe, Laurin"]
[Black "Tran, Minh Dat"]
[Result "1-0"]
[Termination "normal"]
[Board "25"]
[WhiteElo "1665"]
[BlackElo "1403"]
[PlyCount "109"]
[WhiteFideId "12976504"]
[BlackFideId "16244702"]
[EventCountry "GER"]
[EventRounds "11"]
[EventType "swiss"]
[EventDate "2017.06.03"]

1. e4 e5 2. Nf3 Nc6 3. d4 exd4 4. Nxd4 Bc5 5. Be3 Nxd4 6. Bxd4 Bxd4 7. Qxd4 Qf6
8. e5 Qg6 9. Qc3 Ne7 10. Bc4 O-O 11. O-O d6 12. exd6 Qxd6 13. Na3 Bf5 14. Nb5
Qg6 15. Nd4 Rfe8 16. Qf3 c6 17. Rfe1 Bd7 18. Rad1 Nf5 19. Ne2 Be6 20. Bxe6 Rxe6
21. Nf4 Rxe1+ 22. Rxe1 Qf6 23. Qa3 Nd4 24. Qe3 g6 25. Qe5 Qxe5 26. Rxe5 Nxc2
27. Re7 Rb8 28. Kf1 Kf8 29. Rc7 Nd4 30. Nd3 Ke8 31. Ne5 f6 32. Rxh7 Rd8 33.
Rh8+ Ke7 34. Nxg6+ Kd7 35. Rxd8+ Kxd8 36. Ke1 Kd7 37. Kd2 Ke6 38. Kd3 Nf5 39.
h4 Kf7 40. h5 Ng7 41. g4 b6 42. Ke4 Ne6 43. Nf4 Ng5+ 44. Ke3 a5 45. Nd3 c5 46.
f4 Ne6 47. Ke4 c4 48. Nc1 b5 49. Ne2 a4 50. Kd5 Nc7+ 51. Kc6 b4 52. Kxc7 c3 53.
bxc3 b3 54. axb3 axb3 55. c4 1-0

[Event "DEM U12 2017"]
[Site "Willingen GER"]
[Date "2017.06.07"]
[Round "7"]
[White "Rashba, David"]
[Black "Weidenhöfer, Max"]
[Result "1/2-1/2"]
[Termination "normal"]
[Board "26"]
[WhiteElo "1508"]
[BlackElo "1483"]
[PlyCount "77"]
[WhiteFideId "16205499"]
[BlackFideId "16230566"]
[EventCountry "GER"]
[EventRounds "11"]
[EventType "swiss"]
[EventDate "2017.06.03"]

1. d4 d5 2. Bf4 Bf5 3. e3 Nf6 4. Nf3 Nbd7 5. Nbd2 e6 6. Be2 Be7 7. h3 h6 8. c3
c5 9. O-O O-O 10. Bh2 Rc8 11. Re1 Ne4 12. Nxe4 dxe4 13. Nd2 Nf6 14. Qb3 Qb6 15.
Qxb6 axb6 16. a3 cxd4 17. exd4 Rfd8 18. Bd1 Bd6 19. Bxd6 Rxd6 20. Nf1 Rd5 21.
Ne3 Rdd8 22. Bb3 Bh7 23. Rad1 Nd5 24. Nxd5 exd5 25. Ra1 Bf5 26. Ba4 Ra8 27. Bb5
Ra5 28. a4 Bd7 29. Bxd7 Rxd7 30. Ra3 Rd8 31. Rb3 Rd6 32. Rb4 Rc6 33. Kf1 f5 34.
Ra1 Kf7 35. Ra3 Ke6 36. Rab3 Ra6 37. a5 Kd6 38. axb6 g5 39. Ke2 1/2-1/2

[Event "DEM U12 2017"]
[Site "Willingen GER"]
[Date "2017.06.07"]
[Round "7"]
[White "Wildermuth, Nikolas Karl"]
[Black "Ljuca, Rijad"]
[Result "1/2-1/2"]
[Termination "normal"]
[Board "27"]
[WhiteElo "1422"]
[BlackElo "1436"]
[PlyCount "43"]
[WhiteFideId "16244699"]
[BlackFideId "16216121"]
[EventCountry "GER"]
[EventRounds "11"]
[EventType "swiss"]
[EventDate "2017.06.03"]

1. e4 d5 2. exd5 Nf6 3. c4 e6 4. d4 exd5 5. Nc3 Bg4 6. Nf3 Nc6 7. cxd5 Nxd5 8.
Bb5 Bb4 9. Bxc6+ bxc6 10. Qe2+ Qe7 11. Qxe7+ Kxe7 12. Bd2 Bxc3 13. Bxc3 Bxf3
14. gxf3 Kd7 15. O-O-O Rae8 16. Rhe1 Nxc3 17. bxc3 Rxe1 18. Rxe1 Re8 19. Rg1 g6
20. Kd2 Kd6 21. Kd3 c5 22. Rb1 1/2-1/2

[Event "DEM U12 2017"]
[Site "Willingen GER"]
[Date "2017.06.07"]
[Round "7"]
[White "Grabbel, Torben Frederik"]
[Black "Kühn, Antoni"]
[Result "1-0"]
[Termination "normal"]
[Board "28"]
[WhiteElo "1411"]
[BlackElo "940"]
[PlyCount "113"]
[WhiteFideId "16219180"]
[BlackFideId "16244710"]
[EventCountry "GER"]
[EventRounds "11"]
[EventType "swiss"]
[EventDate "2017.06.03"]

1. d4 d5 2. c4 e6 3. Nc3 Nf6 4. Bg5 Be7 5. Nf3 O-O 6. e3 c6 7. Bd3 b6 8. O-O
Bb7 9. cxd5 cxd5 10. Rc1 Nbd7 11. Re1 Rc8 12. Qc2 g6 13. Qe2 Ne4 14. Bxe7 Qxe7
15. Bxe4 dxe4 16. Nd2 Nf6 17. Nb3 Qb4 18. Qd1 Rfd8 19. Re2 Ba6 20. Re1 e5 21.
Ne2 Rxc1 22. Qxc1 Rc8 23. Qd1 exd4 24. Nexd4 Rd8 25. Qb1 Ne8 26. Nc6 Qd6 27.
Nxd8 Qxd8 28. Qxe4 Nf6 29. Qd4 Qe7 30. Rd1 Kg7 31. Qd8 Qb4 32. Qd4 Qf8 33. Re1
Qe7 34. e4 Bb7 35. e5 Nd5 36. a3 Qg5 37. h4 Qe7 38. Nd2 Qc7 39. e6+ f6 40. Qc4
Qc6 41. e7 Ne3 42. Qxc6 Bxc6 43. Rxe3 Kf7 44. Nc4 f5 45. Nd6+ Kf6 46. e8=Q Bxe8
47. Rxe8 h5 48. f4 a5 49. Nc8 b5 50. Re5 a4 51. Nd6 b4 52. axb4 g5 53. hxg5+
Kg6 54. Re6+ Kg7 55. Kh2 a3 56. bxa3 Kg8 57. Kh3 1-0